Pabllo Vittar's VEVO Certified Music Videos - Statistics

General Stats
  • This quiz has been taken 17 times
    8 since last reset
  • The average score is 4 of 6
Answer Stats
Views Music Video % Correct
424M+ K.O.
88%
173M+ Amor De Que
63%
100M+ Disk Me
63%
149M+ Parabéns (ft. Psirico)
50%
125M+ Problema Seu
50%
355M+ Corpo Sensual (ft. Matheus Carrilho)
38%
No matching quizzes found
Score Distribution
Percent of People with Each Score
Percentile by Number Answered
Your Score History
You have not taken this quiz since the last reset